Ozdobné kovové ploty a mříže

Gespeichert in:
Bibliographische Detailangaben
Weitere Verfasser: Zub, Gleb (Illustrationen)
Format: Buch
Sprache:Tschechisch
Veröffentlicht: Praha : Grada Publishing, 1999
Schlagworte:
Tags: Tag hinzufügen
Keine Tags, Fügen Sie das erste Tag hinzu!

MARC

LEADER 00000nam a22000003a 4500
001 stu53672
005 20190206132342.1
008 000523s1999------------------------cze-d
020 |a 8071697354 
040 |a STU  |b slo 
041 0 |a cze 
100 1 |a Zub, Gleb  |4 ill 
245 1 |a Ozdobné kovové ploty a mříže 
260 |a Praha :  |b Grada Publishing,  |c 1999 
300 |a 183 s 
650 7 |a kováčstvo umelecké  |2 stusub 
650 7 |a úžitkové umenie  |2 stusub 
650 7 |a remeslá  |2 stusub 
996 |b 284AU00211  |c A*3448 U  |l AAKNAR  |s A  |a 24  |w stu53672_0001 
996 |b 284AU02656  |c A*3447 U  |l AAKNST  |s P  |a 0  |w stu53672_0002